[Event "ICS rated blitz match"]
[Site "204.178.125.65"]
[Date "2000.09.23"]
[Round "?"]
[White "Hossa"]
[Black "RebelTiger"]
[Result "0-1"]
[WhiteElo "2560"]
[BlackElo "2796"]
[PlyCount "132"]
[EventDate "2000.??.??"]

1. e4 e5 2. Nf3 Nc6 3. Nc3 Nf6 4. Nxe5 Nxe5 5. d4 Ng6 6. e5 Ng8 7. Bc4 d5 8.
Nxd5 Be6 9. Ne3 Bxc4 10. Nxc4 Qd5 11. Ne3 Qd7 12. O-O O-O-O 13. c3 c5 14. Qc2
cxd4 15. cxd4+ Kb8 16. Rd1 N8e7 17. Bd2 Rc8 18. Bc3 Nd5 19. Rac1 Ngf4 20. Qd2
Be7 21. Nxd5 Nxd5 22. Qd3 Bg5 23. Bd2 Rxc1 24. Rxc1 Bxd2 25. Qxd2 Rc8 26. Re1
Qf5 27. Qa5 Nf4 28. Qb5 Rd8 29. Qc4 Rxd4 30. Qc5 Ne6 31. Qe7 a6 32. f3 Rd2 33.
Re4 Rxb2 34. Qd6+ Ka8 35. Qa3 Rb1+ 36. Kf2 Qg5 37. Qc3 Rc1 38. h4 Qxg2+ 39.
Kxg2 Rxc3 40. Kg3 b5 41. Re1 Nd4 42. Rf1 Nf5+ 43. Kf4 Nxh4 44. Kg4 Ng6 45. f4
Rc4 46. Kf5 Kb7 47. Rf2 h6 48. Rf1 Ne7+ 49. Kg4 g5 50. a3 a5 51. Rf2 Rxf4+ 52.
Rxf4 gxf4 53. Kxf4 b4 54. axb4 axb4 55. Ke4 h5 56. e6 fxe6 57. Kd4 h4 58. Ke3
Kc6 59. Ke2 b3 60. Kd2 Nd5 61. Kc1 h3 62. Kd2 h2 63. Ke1 h1=Q+ 64. Kf2 b2 65.
Kg3 b1=Q 66. Kg4 Qg6# {Hossa checkmated} 0-1

[Event "ICS rated blitz match"]
[Site "204.178.125.65"]
[Date "2000.09.23"]
[Round "?"]
[White "LrGenius"]
[Black "Hossa"]
[Result "1-0"]
[WhiteElo "2440"]
[BlackElo "2553"]
[PlyCount "115"]
[EventDate "2000.??.??"]

1. e4 e5 2. Nf3 Nf6 3. d4 c6 4. Nxe5 d6 5. Nf3 Nxe4 6. Bd3 d5 7. O-O Bd6 8. c4
O-O 9. Nc3 Nxc3 10. bxc3 dxc4 11. Bxc4 Bg4 12. h3 Be6 13. Bxe6 fxe6 14. Ng5 Qe7
15. Qh5 h6 16. Ne4 Bc7 17. a4 Rf5 18. Qg4 h5 19. Qg6 Qf7 20. Qxf7+ Rxf7 21. Re1
Rf5 22. Nc5 e5 23. Nxb7 Nd7 24. Be3 Rb8 25. Rab1 exd4 26. Bxd4 Nb6 27. Nc5 Bd6
28. Ne4 Bf4 29. g3 Bc7 30. Nc5 Bd6 31. Ne6 g6 32. g4 hxg4 33. hxg4 Ra5 34. Kg2
Rxa4 35. Rh1 Bf8 36. Rh8+ Kf7 37. Re1 Rxd4 38. cxd4 Nd5 39. Nxf8 Rxf8 40. Rxf8+
Kxf8 41. Ra1 Nc7 42. Rxa7 Ne6 43. Rd7 g5 44. Rd6 Kf7 45. Kf3 Ke7 46. Rxe6+ Kxe6
47. Ke4 Ke7 48. Ke5 Kd7 49. f4 Ke7 50. fxg5 Kd7 51. g6 Kc7 52. g7 Kb7 53. g8=Q
Ka6 54. Qb8 Ka5 55. Qb3 Ka6 56. Kd6 c5 57. Kc6 Ka7 58. Qb7# {Hossa checkmated}
1-0

[Event "ICS rated blitz match"]
[Site "204.178.125.65"]
[Date "2000.09.23"]
[Round "?"]
[White "Hossa"]
[Black "LrGenius"]
[Result "1-0"]
[WhiteElo "2532"]
[BlackElo "2461"]
[PlyCount "35"]
[EventDate "2000.??.??"]

1. e4 e6 2. d4 d5 3. Nc3 Bb4 4. e5 Ne7 5. a3 Bxc3+ 6. bxc3 c5 7. a4 Qa5 8. Bd2
Nd7 9. c4 Qc7 10. cxd5 Nxd5 11. c3 O-O 12. Bd3 f6 13. Qh5 f5 14. Ne2 cxd4 15.
cxd4 b6 16. Rc1 Qd8 17. Bb5 Bb7 18. Bg5 {LrGenius resigns} 1-0

[Event "ICS rated blitz match"]
[Site "204.178.125.65"]
[Date "2000.09.23"]
[Round "?"]
[White "Hossa"]
[Black "LrGenius"]
[Result "1-0"]
[WhiteElo "2557"]
[BlackElo "2436"]
[PlyCount "57"]
[EventDate "2000.??.??"]

1. d4 Nf6 2. c4 g6 3. Nc3 d5 4. Qb3 dxc4 5. Qxc4 Bg7 6. e4 O-O 7. Nf3 Na6 8.
Be2 c5 9. dxc5 Be6 10. Qb5 Rc8 11. e5 Nd5 12. Qxb7 Nxc5 13. Qxa7 Nxc3 14. bxc3
Ne4 15. Ng5 Nxc3 16. Nxe6 fxe6 17. Bg4 Qd3 18. f4 Ra8 19. Qb7 Ra4 20. Bxe6+ Kh8
21. Qf3 Re4+ 22. Kf2 Re2+ 23. Kg3 Ne4+ 24. Kh4 g5+ 25. Kh5 Qc2 26. Bb3 Qc8 27.
Qxe2 Qf5 28. fxg5 Qf7+ 29. Bxf7 {LrGenius resigns} 1-0

[Event "ICS rated blitz match"]
[Site "204.178.125.65"]
[Date "2000.09.23"]
[Round "?"]
[White "LrGenius"]
[Black "Hossa"]
[Result "0-1"]
[WhiteElo "2425"]
[BlackElo "2568"]
[PlyCount "47"]
[EventDate "2000.??.??"]

1. e4 c5 2. Nf3 d6 3. d4 cxd4 4. Nxd4 g6 5. Nc3 Bg7 6. Be3 Nf6 7. f3 O-O 8. Qd2
Nc6 9. O-O-O a5 10. g4 Bd7 11. h4 h5 12. gxh5 Nxh5 13. Bh6 Bxd4 14. Bxf8 Qxf8
15. Nd5 Ng3 16. Rh2 e6 17. Ne3 Qh6 18. Ng4 Qxd2+ 19. Kxd2 Ne5 20. Be2 Nxg4 21.
fxg4 Nxe4+ 22. Kd3 Be5 23. Rg2 Bc6 24. h5 {LrGenius resigns} 0-1

[Event "ICS rated blitz match"]
[Site "204.178.125.65"]
[Date "2000.09.23"]
[Round "?"]
[White "Hossa"]
[Black "lambChop"]
[Result "1-0"]
[WhiteElo "2578"]
[BlackElo "2555"]
[PlyCount "200"]
[EventDate "2000.??.??"]

1. d4 Nf6 2. c4 e6 3. g3 d5 4. Bg2 Be7 5. Nf3 O-O 6. O-O dxc4 7. Qc2 a6 8. Qxc4
b5 9. Qc2 Bb7 10. Bf4 Nc6 11. Rd1 Nb4 12. Qc1 Qc8 13. a3 Nbd5 14. Bg5 h6 15.
Bd2 c5 16. Ba5 cxd4 17. Nxd4 e5 18. Nf3 Qe6 19. Nc3 Rfc8 20. Qd2 Bc5 21. e3
Nxc3 22. Qxc3 Bb6 23. Qe1 Bxa5 24. Qxa5 Be4 25. Rd2 Rc6 26. Rd8+ Rxd8 27. Qxd8+
Kh7 28. Rd1 Rc2 29. Nd2 Bg6 30. b3 Ra2 31. h3 Rxa3 32. Rc1 Bf5 33. g4 Qd7 34.
Qf8 Ra2 35. Nf3 e4 36. g5 exf3 37. gxf6 gxf6 38. Bxf3 Rc2 39. Rxc2 Bxc2 40. b4
Bb3 41. Kg2 Be6 42. h4 Bd5 43. Bxd5 Qxd5+ 44. f3 Qe6 45. Kg3 f5 46. Qc5 Kg6 47.
Kf4 Qc4+ 48. Qd4 Qxd4+ 49. exd4 Kf6 50. Ke3 Ke6 51. Ke2 Kd5 52. Kd3 h5 53. Kc3
Kd6 54. Kd3 Kc6 55. Kd2 Kd7 56. Ke3 Ke7 57. Kf4 Ke6 58. Kg5 Kd6 59. Kxh5 a5 60.
bxa5 b4 61. a6 Kc7 62. d5 b3 63. a7 Kb7 64. d6 Kxa7 65. d7 b2 66. d8=Q b1=Q 67.
Qe7+ Kb6 68. Qf6+ Kc5 69. Qxf7 Kd4 70. Kg5 Qg1+ 71. Kxf5 Qb1+ 72. Kf6 Ke3 73.
Qd5 Kf2 74. Qc5+ Kg3 75. Qe3 Qb4 76. Kg6 Qd6+ 77. Kh5 Qd1 78. Qg5+ Kf2 79. Qf6
Qd5+ 80. Kh6 Qd2+ 81. f4 Kf3 82. h5 Qe3 83. Qe5 Qb6+ 84. Kh7 Qb7+ 85. Kg6 Qb6+
86. Qf6 Qg1+ 87. Kh7 Qa7+ 88. Qg7 Qc5 89. Qf7 Qb5 90. h6 Qb1+ 91. f5 Kf4 92.
Qd5 Qb6 93. Kg7 Qg1+ 94. Kf8 Qa7 95. f6 Qa3+ 96. Kg7 Qg3+ 97. Kh7 Qf2 98. f7
Qa7 99. Qd6+ Kg4 100. Kg8 Qa2 {lambChop resigns} 1-0

[Event "ICS rated blitz match"]
[Site "204.178.125.65"]
[Date "2000.09.23"]
[Round "?"]
[White "Colorado"]
[Black "Hossa"]
[Result "1-0"]
[WhiteElo "2774"]
[BlackElo "2593"]
[PlyCount "173"]
[EventDate "2000.??.??"]

1. d4 Nf6 2. Nf3 d5 3. c4 e6 4. Nc3 c6 5. e3 Nbd7 6. Bd3 dxc4 7. Bxc4 Nb6 8.
Bd3 c5 9. O-O cxd4 10. Nxd4 Be7 11. Qf3 Nbd7 12. Qg3 O-O 13. Rd1 Nc5 14. Be2
Bd7 15. f3 Qb8 16. Qxb8 Rfxb8 17. e4 Rd8 18. Be3 Na4 19. Nxa4 Bxa4 20. b3 Bd7
21. Rac1 Rac8 22. Kf2 Rxc1 23. Rxc1 e5 24. Nb5 a6 25. Nc7 Ba3 26. Rc2 Rc8 27.
Bb6 h6 28. Bd3 Bc6 29. Bxa6 Bxe4 30. fxe4 bxa6 31. Kf3 Nd7 32. Ba5 Nb8 33. b4
f6 34. Rc5 Rf8 35. Nd5 Kh7 36. Rc7 f5 37. Ne7 fxe4+ 38. Kxe4 Bxb4 39. Bxb4 Rf4+
40. Kxe5 Rxb4 41. Nf5 Rg4 42. g3 a5 43. a3 h5 44. h3 Rg5 45. Kf4 Rg6 46. Nd4
Na6 47. Rd7 a4 48. Rd5 Rf6+ 49. Ke3 h4 50. g4 Rf1 51. Rh5+ Kg8 52. Rxh4 Rc1 53.
Kd2 Ra1 54. Nb5 Nc5 55. Rh5 Ne4+ 56. Ke3 Re1+ 57. Kf3 Nd2+ 58. Kf2 Rh1 59. Rd5
Nc4 60. Rd4 Rc1 61. Ke2 Nb2 62. h4 Rh1 63. h5 Rh2+ 64. Ke3 Kf7 65. Nd6+ Ke6 66.
Ke4 Re2+ 67. Kf3 Rc2 68. Nf5 Kf6 69. Kf4 Rf2+ 70. Ke4 Re2+ 71. Kf4 Rf2+ 72. Ke3
Rh2 73. Rb4 Rh3+ 74. Ke4 Rb3 75. Rd4 Kg5 76. Nxg7 Kxg4 77. h6 Rxa3 78. Ke5+ Kg5
79. h7 Re3+ 80. Kd6 Rh3 81. Nh5 Rc3 82. h8=Q Rf3 83. Qg7+ Kxh5 84. Qg4+ Kh6 85.
Qh4+ Kg6 86. Rg4+ Kf5 87. Qg5# {Hossa checkmated} 1-0

[Event "ICS rated blitz match"]
[Site "204.178.125.65"]
[Date "2000.09.23"]
[Round "?"]
[White "Hossa"]
[Black "Colorado"]
[Result "1/2-1/2"]
[WhiteElo "2585"]
[BlackElo "2782"]
[PlyCount "162"]
[EventDate "2000.??.??"]

1. d4 Nf6 2. c4 g6 3. Nf3 Bg7 4. g3 O-O 5. Bg2 d6 6. O-O Nbd7 7. Nc3 e5 8. dxe5
dxe5 9. Qc2 c6 10. Rd1 Qc7 11. e4 Re8 12. Bg5 h6 13. Bc1 Rd8 14. b3 Bf8 15. Bh3
b5 16. cxb5 cxb5 17. Qd3 b4 18. Nb5 Qc6 19. Qc4 Qxc4 20. bxc4 a6 21. Nc7 Ra7
22. Nd5 Nxe4 23. Be3 Rb7 24. Bxd7 Bxd7 25. Nxe5 Bg7 26. Nxd7 Rbxd7 27. Bb6 Bxa1
28. Bxd8 Rxd8 29. Rxa1 a5 30. Rc1 Kg7 31. Rc2 Rc8 32. Nb6 Rc5 33. Nd5 g5 34.
Rc1 f5 35. f4 Kg6 36. Kg2 Nd6 37. Nb6 gxf4 38. gxf4 Kh7 39. h3 h5 40. h4 Rc6
41. c5 Ne4 42. Nd7 Kg7 43. Kh3 Kh7 44. Rc2 Kg8 45. Kh2 Kg7 46. Rg2+ Kh7 47. Kh3
a4 48. Nf8+ Kh6 49. Nd7 Nxc5 50. Ne5 Rf6 51. Rg8 b3 52. axb3 a3 53. Rg2 Nxb3
54. Ra2 Ra6 55. Nc4 Nc1 56. Rxa3 Rxa3+ 57. Nxa3 Ne2 58. Nc4 Nxf4+ 59. Kg3 Nd3
60. Kf3 Kg7 61. Ke3 Ne1 62. Kf2 Nd3+ 63. Ke3 Ne1 64. Kf2 Nc2 65. Nb6 Nb4 66.
Ke3 Kg6 67. Kf3 Nc6 68. Nd5 Kh6 69. Kf4 Nd4 70. Ne7 Kg7 71. Nxf5+ Nxf5 72. Kxf5
Kf7 73. Kg5 Kg7 74. Kf4 Kh7 75. Kf5 Kh8 76. Kg6 Kg8 77. Kg5 Kg7 78. Kf4 Kh7 79.
Kf5 Kh8 80. Kg6 Kg8 81. Kg5 Kg7 {Game drawn by repetition} 1/2-1/2

[Event "ICS rated blitz match"]
[Site "204.178.125.65"]
[Date "2000.09.23"]
[Round "?"]
[White "Colorado"]
[Black "Hossa"]
[Result "1-0"]
[WhiteElo "2774"]
[BlackElo "2593"]
[PlyCount "99"]
[EventDate "2000.??.??"]

1. e4 c5 2. Nf3 d6 3. d4 cxd4 4. Nxd4 g6 5. Nc3 Bg7 6. Be3 Nf6 7. f3 O-O 8. Qd2
Nc6 9. g4 Nxd4 10. Bxd4 Be6 11. O-O-O Qa5 12. a3 Rab8 13. h4 b5 14. Nd5 Qxd2+
15. Rxd2 Nxd5 16. exd5 Bxd4 17. Rxd4 Bc8 18. c4 Bd7 19. cxb5 Rfc8+ 20. Kd2 Bxb5
21. Bxb5 Rxb5 22. b4 Rb7 23. Rc1 Rxc1 24. Kxc1 Rc7+ 25. Kd2 Kg7 26. Kd3 h5 27.
Re4 hxg4 28. fxg4 Kf6 29. Rf4+ Kg7 30. Re4 Kf6 31. Rf4+ Kg7 32. Rc4 Rxc4 33.
Kxc4 e5 34. dxe6 fxe6 35. a4 Kf6 36. b5 d5+ 37. Kd3 e5 38. a5 e4+ 39. Kd4 e3
40. Kxe3 Ke5 41. h5 d4+ 42. Kd3 g5 43. a6 Kf6 44. b6 axb6 45. a7 b5 46. a8=Q
Kg7 47. Qe8 b4 48. Qe7+ Kh8 49. h6 b3 50. Qg7# {Hossa checkmated} 1-0

[Event "ICS rated blitz match"]
[Site "204.178.125.65"]
[Date "2000.09.23"]
[Round "?"]
[White "PostModernist"]
[Black "Hossa"]
[Result "1-0"]
[WhiteElo "2697"]
[BlackElo "2585"]
[PlyCount "95"]
[EventDate "2000.??.??"]

1. d4 Nf6 2. c4 e6 3. Nf3 d5 4. Nc3 Be7 5. Bg5 h6 6. Bh4 O-O 7. e3 b6 8. cxd5
exd5 9. Rc1 c6 10. Bd3 Bd6 11. O-O Re8 12. e4 Bf4 13. Bxf6 Qxf6 14. e5 Qe7 15.
Rb1 Bg4 16. g3 Bg5 17. h4 Bxh4 18. gxh4 Bxf3 19. Qxf3 Qxh4 20. Ne2 a6 21. Qg3
Qe7 22. Rfc1 Ra7 23. Nf4 Qf8 24. Nh5 Kh8 25. b4 Rc8 26. Qg4 Rac7 27. a3 Rb7 28.
Kf1 Re8 29. Ke2 Rbe7 30. Rg1 g6 31. Nf6 Rd8 32. Bxg6 fxg6 33. Qxg6 Nd7 34. Ng4
Qf4 35. Nxh6 Nxe5 36. dxe5 Qxe5+ 37. Kf1 Qe2+ 38. Kg2 Rf8 39. Nf5 Qe4+ 40. Kg3
Rh7 41. Rh1 Qe5+ 42. f4 Qc3+ 43. Kg4 Rh3 44. Rxh3+ Qxh3+ 45. Kxh3 Rxf5 46. Qxf5
a5 47. Rg1 axb4 48. Qh5# {Hossa checkmated} 1-0

[Event "ICS rated blitz match"]
[Site "204.178.125.65"]
[Date "2000.09.23"]
[Round "?"]
[White "Hossa"]
[Black "PostModernist"]
[Result "1-0"]
[WhiteElo "2574"]
[BlackElo "2708"]
[PlyCount "199"]
[EventDate "2000.??.??"]

1. e4 Nc6 2. d4 d5 3. Nc3 e6 4. e5 Nb8 5. Nf3 b6 6. Bd3 Ba6 7. Bxa6 Nxa6 8. O-O
c6 9. Be3 Nc7 10. a4 Ne7 11. a5 bxa5 12. b3 Nf5 13. Ne2 Nxe3 14. fxe3 Na6 15.
Qd2 Be7 16. Nf4 Nb4 17. c3 Na6 18. b4 Nc7 19. Rxa5 O-O 20. Ra2 Re8 21. Qf2 Rf8
22. Rc2 a5 23. bxa5 Nb5 24. a6 Rxa6 25. Nd2 c5 26. Nd3 c4 27. Nf4 Bg5 28. Nf3
Bxf4 29. exf4 Ra3 30. Rfc1 Qe7 31. Qe3 Rb8 32. Ng5 Rb7 33. Qe2 Rb6 34. Qh5 h6
35. Nh3 Qa7 36. Qd1 Rb8 37. Nf2 Qa4 38. Qd2 Qa5 39. Nd1 Qd8 40. Rb1 Qh4 41.
Rcb2 Ra5 42. Nf2 Qd8 43. Qd1 Qd7 44. Qe2 Ra3 45. Nd1 Ra7 46. Qh5 Rab7 47. Ra2
Qe8 48. Ra5 Qf8 49. Rba1 Qe7 50. Ra8 Rb6 51. Qg4 Qe8 52. R8a2 Qd7 53. Ra6 Rxa6
54. Rxa6 Qb7 55. Ra1 g6 56. Qh4 Ra8 57. Rb1 h5 58. Kh1 Qd7 59. Qf6 Qa7 60. f5
Na3 61. Ra1 exf5 62. Qd6 Qa5 63. e6 fxe6 64. Qxe6+ Kg7 65. Qe7+ Kh6 66. Kg1 Ra7
67. Qf6 Kh7 68. Qf8 h4 69. Qf6 h3 70. Qh4+ Kg8 71. Qxh3 Ra6 72. Qh6 Qb6 73. Ne3
Qb2 74. Rd1 Qb7 75. Re1 Re6 76. Rf1 Qc6 77. g4 Nb5 78. gxf5 gxf5 79. Qh5 Nxc3
80. Nxf5 Qe8 81. Qg5+ Rg6 82. Ne7+ Kh7 83. Nxg6 Qxg6 84. Qxg6+ Kxg6 85. Kf2
Ne4+ 86. Ke3 Nd6 87. Kf4 Kf6 88. Ra1 Ke6 89. h4 Nb5 90. h5 Nxd4 91. h6 Kf6 92.
Ra6+ Kf7 93. Ke5 Nb5 94. Rc6 Nc3 95. Kf5 Ne4 96. Rg6 Ke7 97. h7 Ng5 98. Kxg5
Kf7 99. h8=Q c3 100. Qh7+ {PostModernist resigns} 1-0

[Event "ICS rated blitz match"]
[Site "204.178.125.65"]
[Date "2000.09.23"]
[Round "?"]
[White "PostModernist"]
[Black "Hossa"]
[Result "1-0"]
[WhiteElo "2686"]
[BlackElo "2596"]
[PlyCount "75"]
[EventDate "2000.??.??"]

1. e4 c5 2. c3 Nf6 3. e5 Nd5 4. d4 cxd4 5. cxd4 d6 6. Nf3 Nc6 7. Bc4 Nb6 8. Bb3
dxe5 9. d5 Na5 10. Nc3 Nxb3 11. Qxb3 f6 12. Be3 Bg4 13. Nd2 g6 14. a4 Rb8 15.
O-O Kf7 16. f4 Ke8 17. fxe5 fxe5 18. Qb5+ Qd7 19. Qb4 Nc8 20. Nde4 Bf5 21. Nc5
Qd6 22. Nb5 Qd8 23. Qc3 Nd6 24. Ne6 Nxb5 25. Qxe5 Bxe6 26. dxe6 Nc7 27. Qxh8
Nxe6 28. Qxh7 Bg7 29. Qxg6+ Kd7 30. Rad1+ Bd4 31. Bxd4 b6 32. Bxb6+ Kc6 33.
Qxe6+ Kb7 34. Bxd8 Rc8 35. Rd7+ Ka8 36. Qd5+ Rc6 37. Qxc6+ Kb8 38. Qb7# {
Hossa checkmated} 1-0

[Event "ICS rated blitz match"]
[Site "204.178.125.65"]
[Date "2000.09.23"]
[Round "?"]
[White "Hossa"]
[Black "Valg"]
[Result "1/2-1/2"]
[WhiteElo "2584"]
[BlackElo "2553"]
[PlyCount "235"]
[EventDate "2000.??.??"]

1. e4 e5 2. f4 exf4 3. Nf3 g5 4. h4 g4 5. Ne5 Nf6 6. d4 d6 7. Nd3 Nxe4 8. Bxf4
Qe7 9. Qe2 Nc6 10. c3 Bf5 11. Nd2 O-O-O 12. Nxe4 Qxe4 13. Kd2 Re8 14. Qxe4 Rxe4
15. Re1 Re7 16. Be2 h5 17. Rhf1 Be4 18. g3 Bg7 19. b3 Rhe8 20. Rf2 f6 21. Kc2
Kb8 22. Bd2 b5 23. Kd1 b4 24. Nxb4 Nxb4 25. cxb4 f5 26. Bc3 c6 27. Rf4 Bh6 28.
Rff1 Bg7 29. Rf4 c5 30. Bb5 Rc8 31. Ba6 Rcc7 32. bxc5 dxc5 33. Ba5 Rcd7 34. Kc1
cxd4 35. Rf2 Rd5 36. Rc2 Bxc2 37. Bc7+ Kxc7 38. Rxe7+ Kd6 39. Rxg7 Rc5 40. Kb2
Be4 41. Bc4 a5 42. Rg6+ Kd7 43. Rg5 a4 44. Rxh5 axb3 45. Rh7+ Kd6 46. Rh6+ Kc7
47. axb3 d3 48. Kc3 f4 49. gxf4 g3 50. Ra6 g2 51. Ra1 Rc6 52. Kd4 Bg6 53. Ke3
Rd6 54. Kd2 Kd7 55. Rg1 Be4 56. f5 Kc6 57. Be6 Kc5 58. h5 Kd4 59. h6 Rc6 60.
Bc4 Rxh6 61. f6 Rxf6 62. Bxd3 Rf2+ 63. Ke1 Rb2 64. Be2 Rxb3 65. Kf2 Rb2 66. Re1
Bd3 67. Kxg2 Bxe2 68. Kf2 Kd3 69. Kg3 Ke3 70. Rg1 Rb5 71. Kh3 Kf2 72. Rg2+ Kf3
73. Rg3+ Kf4 74. Rg6 Bh5 75. Rf6+ Kg5 76. Rf8 Rb3+ 77. Kg2 Kg4 78. Kf1 Kg3 79.
Rg8+ Bg4 80. Re8 Rb1+ 81. Re1 Bd1 82. Kg1 Ra1 83. Rf1 Rb1 84. Re1 Kf3 85. Kh2
Kf2 86. Rg1 Rb4 87. Rg2+ Kf3 88. Rg3+ Kf2 89. Rg2+ Kf3 90. Rg3+ Ke2 91. Kg2 Ke1
92. Re3+ Be2 93. Rg3 Ra4 94. Kh3 Bf1+ 95. Kh2 Rh4+ 96. Kg1 Re4 97. Rg5 Re3 98.
Rf5 Bh3 99. Rh5 Ke2 100. Rd5 Bg4 101. Rd8 Kf3 102. Rf8+ Kg3 103. Rf7 Re1+ 104.
Rf1 Re5 105. Rf2 Be2 106. Rg2+ Kf3 107. Rf2+ Ke3 108. Rf6 Bf3 109. Rh6 Ke2 110.
Rh2+ Ke1 111. Rb2 Rg5+ 112. Kh2 Kf1 113. Rc2 Bd1 114. Rd2 Bf3 115. Rc2 Bd1 116.
Rd2 Bh5 117. Rc2 Ra5 118. Rc1+ {Game drawn by the 50 move rule} 1/2-1/2

[Event "ICS Rated standard match"]
[Site "204.178.125.65"]
[Date "2000.09.23"]
[Round "?"]
[White "Hossa"]
[Black "HangerOn"]
[Result "0-1"]
[WhiteElo "2377"]
[BlackElo "2688"]
[PlyCount "110"]
[EventDate "2000.??.??"]

1. e4 e5 2. Nf3 Nc6 3. Bb5 a6 4. Bxc6 dxc6 5. O-O f6 6. d4 exd4 7. Qxd4 Qxd4 8.
Nxd4 Bd6 9. Be3 Ne7 10. Nd2 b5 11. a4 Rb8 12. axb5 cxb5 13. Rfd1 O-O 14. N2b3
Re8 15. f3 f5 16. Na5 fxe4 17. fxe4 Ra8 18. Re1 Ng6 19. Bf2 Rf8 20. Be3 Ne5 21.
h3 Rf7 22. Ndb3 Be6 23. Nc5 Rf6 24. b4 Raf8 25. Nab7 Bxh3 26. Rxa6 Rg6 27. Re2
Nf3+ 28. Kh1 Nh4 29. Nxd6 cxd6 30. Ne6 Rxe6 31. gxh3 Rxe4 32. Ra3 Rfe8 33. Kg1
d5 34. Rd3 d4 35. Bf2 Rxe2 36. Bxh4 Rxc2 37. Rxd4 Ree2 38. Rd8+ Kf7 39. Rd1
Rg2+ 40. Kf1 g5 41. Be1 Rh2 42. Kg1 Rxh3 43. Rd7+ Kf6 44. Rd6+ Ke5 45. Rd8 h5
46. Rb8 Re3 47. Bf2 Ree2 48. Rf8 Rxf2 49. Rxf2 Rxf2 50. Kxf2 h4 51. Kg2 h3+ 52.
Kh2 Kd4 53. Kg3 h2 54. Kg2 Kc3 55. Kh1 Kxb4 {Hossa resigns} 0-1

[Event "ICS rated blitz match"]
[Site "204.178.125.65"]
[Date "2000.09.23"]
[Round "?"]
[White "counterplay"]
[Black "Hossa"]
[Result "1-0"]
[WhiteElo "2841"]
[BlackElo "2574"]
[PlyCount "55"]
[EventDate "2000.??.??"]

1. d4 d5 2. c4 Nc6 3. Nc3 dxc4 4. e3 e5 5. d5 Nb4 6. Bxc4 Qg5 7. g3 Bg4 8. f3
Qg6 9. e4 Bd7 10. a3 Na6 11. Qe2 Bc5 12. f4 Bg4 13. Nf3 exf4 14. Bxf4 Ne7 15.
Na4 Bd4 16. O-O-O Qf6 17. Rhf1 Ng6 18. Rxd4 Nxf4 19. Qd2 Nh3 20. e5 Qf5 21.
Bb5+ Kd8 22. d6 Bxf3 23. dxc7+ Kxc7 24. Rc4+ Nc5 25. Qd6+ Kc8 26. Rxc5+ Bc6 27.
Rxc6+ bxc6 28. Ba6# {Hossa checkmated} 1-0

[Event "ICS rated blitz match"]
[Site "204.178.125.65"]
[Date "2000.09.23"]
[Round "?"]
[White "Hossa"]
[Black "counterplay"]
[Result "1-0"]
[WhiteElo "2568"]
[BlackElo "2847"]
[PlyCount "111"]
[EventDate "2000.??.??"]

1. d4 d5 2. c4 e5 3. dxe5 d4 4. Nf3 Nc6 5. g3 Be6 6. Nbd2 Qd7 7. Bg2 O-O-O 8.
a3 Nge7 9. O-O Ng6 10. b4 Kb8 11. Ng5 Ncxe5 12. Nxe6 fxe6 13. Bb2 h5 14. Nb3
Nxc4 15. Bxd4 e5 16. Bc3 Qe8 17. Qc2 h4 18. Qe4 Nd6 19. Qc2 hxg3 20. fxg3 Nb5
21. Bb2 Rh6 22. h3 Be7 23. a4 Nd6 24. Nc5 Bg5 25. Bc1 Bxc1 26. Raxc1 c6 27. b5
e4 28. bxc6 bxc6 29. Qb2+ Ka8 30. Qxg7 Rh8 31. Qc7 Ne7 32. Rb1 Nd5 33. Ne6 a6
34. Qxd8+ Qxd8 35. Nxd8 Rxd8 36. Rfc1 Rc8 37. Rb3 Ka7 38. Rcb1 Rg8 39. g4 Rg7
40. Kf2 Rf7+ 41. Ke1 c5 42. Rd1 Nf4 43. Bh1 Rf6 44. a5 Re6 45. Rb6 Nb7 46. Rxe6
Nxe6 47. Bxe4 Nxa5 48. Rd5 Nc6 49. Rd7+ Kb6 50. Rd6 Ned4 51. Bxc6 Kc7 52. Rxd4
cxd4 53. h4 a5 54. h5 Kxc6 55. h6 a4 56. h7 {counterplay resigns} 1-0

[Event "ICS rated blitz match"]
[Site "204.178.125.65"]
[Date "2000.09.23"]
[Round "?"]
[White "counterplay"]
[Black "Hossa"]
[Result "1-0"]
[WhiteElo "2820"]
[BlackElo "2595"]
[PlyCount "94"]
[EventDate "2000.??.??"]

1. e4 e5 2. Nf3 Nc6 3. Bb5 a6 4. Ba4 Nf6 5. O-O Be7 6. Re1 b5 7. Bb3 d6 8. c3
O-O 9. h3 Bb7 10. d4 Re8 11. Nbd2 Bf8 12. a3 h6 13. Bc2 Nb8 14. b4 Nbd7 15. Bb2
g6 16. c4 exd4 17. cxb5 axb5 18. Nxd4 c6 19. Rc1 Ne5 20. f4 Nc4 21. Nxc4 bxc4
22. Qf3 d5 23. e5 Nh7 24. e6 Qh4 25. Bf5 Bg7 26. exf7+ Kxf7 27. g3 Qd8 28. Rxe8
Qxe8 29. Be6+ Kf8 30. Re1 Nf6 31. f5 g5 32. Qf1 Qb8 33. Re3 Qa7 34. Qf3 Rd8 35.
Kh1 Qb6 36. Qe2 Ba6 37. Bc3 h5 38. a4 Rd6 39. b5 cxb5 40. axb5 Bxb5 41. Bb4 Ba4
42. Bxd6+ Qxd6 43. Qa2 Ne4 44. Qxa4 Bxd4 45. Qa8+ Ke7 46. Qb7+ Qc7 47. Qxc7+
Kf6 {Hossa resigns} 1-0

[Event "ICS rated blitz match"]
[Site "204.178.125.65"]
[Date "2000.09.23"]
[Round "?"]
[White "counterplay"]
[Black "Hossa"]
[Result "1-0"]
[WhiteElo "2832"]
[BlackElo "2588"]
[PlyCount "113"]
[EventDate "2000.??.??"]

1. Nf3 d5 2. b3 c5 3. e3 Nc6 4. Bb2 Nf6 5. Bb5 a6 6. Bxc6+ bxc6 7. d3 e6 8. O-O
Be7 9. Nbd2 O-O 10. Ne5 Bb7 11. c4 Qc7 12. Qe2 Bd6 13. f4 Qa5 14. a3 Rfe8 15.
Ndf3 h6 16. e4 Qc7 17. Nxf7 Qxf7 18. e5 Be7 19. exf6 gxf6 20. Nd2 Kh8 21. Rae1
Bd8 22. Qe3 Qh7 23. Qh3 Bc8 24. Qh4 Qg7 25. Rf3 Rg8 26. Re2 Qf8 27. Rh3 Kh7 28.
Qh5 e5 29. Rh4 Qg7 30. fxe5 Bg4 31. Rxg4 Qxg4 32. Qxg4 Rxg4 33. exf6 d4 34. Re8
Rf4 35. Ne4 Rf5 36. g4 Rf4 37. Bc1 Rxe4 38. dxe4 Kg6 39. Rf8 Rb8 40. h4 h5 41.
gxh5+ Kxh5 42. e5 Rxb3 43. Rxd8 Kg6 44. Rg8+ Kf7 45. Rg7+ Ke6 46. Re7+ Kf5 47.
f7 Rg3+ 48. Kf2 Rc3 49. f8=Q+ Ke4 50. Qf4+ Kd3 51. Qd2+ Kxc4 52. Qa2+ Kb5 53.
Rb7+ Ka4 54. Bd2 d3 55. Bxc3 c4 56. Qxc4+ Kxa3 57. Qxa6# {Hossa checkmated} 1-0

[Event "ICS rated blitz match"]
[Site "204.178.125.65"]
[Date "2000.09.23"]
[Round "?"]
[White "Hossa"]
[Black "Giozis"]
[Result "1-0"]
[WhiteElo "2582"]
[BlackElo "2040"]
[PlyCount "67"]
[EventDate "2000.??.??"]

1. e4 c5 2. Nf3 Nc6 3. d4 cxd4 4. Nxd4 g6 5. Nc3 Bg7 6. Be3 Nf6 7. Bc4 O-O 8.
Bb3 d6 9. f3 Na5 10. O-O Nxb3 11. Nxb3 Bd7 12. Qd2 Bc6 13. Bh6 Qb6+ 14. Rf2 Nd7
15. Bxg7 Kxg7 16. Qg5 f6 17. Qf4 Ne5 18. Nd5 Bxd5 19. exd5 Rac8 20. Qd4 Qxd4
21. Nxd4 Rfe8 22. Ne6+ Kf7 23. Re2 b5 24. a4 b4 25. a5 Nc4 26. Ra2 a6 27. f4 h5
28. g3 h4 29. gxh4 Rh8 30. Nd4 Rxh4 31. Nc6 Re8 32. b3 Ne5 33. fxe5 dxe5 34.
Ra4 {Giozis resigns} 1-0

[Event "ICS rated blitz match"]
[Site "204.178.125.65"]
[Date "2000.09.23"]
[Round "?"]
[White "Hossa"]
[Black "Colorado"]
[Result "0-1"]
[WhiteElo "2583"]
[BlackElo "2755"]
[PlyCount "210"]
[EventDate "2000.??.??"]

1. e4 d5 2. exd5 Qxd5 3. Nc3 Qa5 4. d4 Nf6 5. Nf3 Bg4 6. h3 Bxf3 7. Qxf3 c6 8.
Bc4 e6 9. O-O Bd6 10. Re1 O-O 11. a3 Nbd7 12. g3 Nd5 13. Bf1 Nxc3 14. bxc3 h6
15. Bd3 Rfe8 16. Rb1 Nb6 17. Rb3 Rad8 18. Qg4 Kh8 19. Rd1 Rc8 20. c4 c5 21.
dxc5 Qxc5 22. Bb2 Bf8 23. Qe4 f5 24. Qf4 Kg8 25. Bd4 Qc7 26. Be5 Qc5 27. Be2 g5
28. Qe3 Qxe3 29. fxe3 Re7 30. c5 Rxc5 31. Bd6 Rxc2 32. Bxe7 Bxe7 33. Kf2 Kf7
34. Kf3 h5 35. Kf2 Kf6 36. Kf1 g4 37. hxg4 hxg4 38. Ke1 Ra2 39. Rdd3 Na4 40.
Rd2 Rxd2 41. Kxd2 Nc5 42. Rb4 Bd6 43. Bf1 Ne4+ 44. Rxe4 fxe4 45. a4 Bxg3 46.
Bc4 Kf5 47. Ke2 Bd6 48. Kf2 g3+ 49. Kg2 b6 50. Kh3 Kf6 51. Be2 Kg5 52. Bb5 Bc5
53. Kxg3 Bxe3 54. Bc4 e5 55. Bd5 Kf5 56. Bc6 Bd2 57. Bd7+ Kg5 58. Be6 e3 59.
Kf3 e4+ 60. Ke2 Kf6 61. Bd5 Ke5 62. Bc6 Kd4 63. Bb7 Bb4 64. Ba6 Bd6 65. Bb7 Bb4
66. Ba6 Bf8 67. Bc8 Bh6 68. Bb7 Ke5 69. Bc6 Bf4 70. Ba8 Kd4 71. Bb7 Bg3 72. Bc8
Bf4 73. Bb7 Bg3 74. Bc8 Bc7 75. Ba6 Bd6 76. Bb7 Bf4 77. Ba8 Be5 78. Bc6 a6 79.
Bd7 Bf4 80. Bc6 Bg3 81. Be8 Bd6 82. Bc6 Bf4 83. Bd7 Bg3 84. Be8 Bc7 85. Bd7 Bd8
86. Kd1 Be7 87. Ke2 Bh4 88. Be6 b5 89. axb5 axb5 90. Bd7 b4 91. Be6 Bg3 92. Bf7
Bf4 93. Bb3 Kc3 94. Bd5 b3 95. Bxe4 Kb2 96. Bd5 Kc2 97. Kf3 Kd2 98. Kxf4 b2 99.
Bc6 e2 100. Bf3 e1=Q 101. Kf5 b1=Q+ 102. Kf6 Qb6+ 103. Kf5 Qbe6+ 104. Kg5 Qg3+
105. Kh5 Qeh3# {Hossa checkmated} 0-1